[Event "Ch Russia (juniors) (under 16) (1 league)"]
[Site "masterchessopen.com Dagomys (Russia)"]
[Round "1"]
[White "Samoshin Alexey (RUS)"]
[Black "Karibov Evgeny (RUS)"]
[Result "0-1"]
[WhiteElo "1831"]
[BlackElo "2049"]

1.d4 Nf6 2.Nf3 g6 3.c4 Bg7 4.Nc3 O-O 5.g3 d6 6.Bg2 Nbd7 7.O-O e5 8.e4 c6 9.Qc2
exd4 10.Nxd4 a5 11.h3 Re8 12.Re1 Qc7 13.Be3 Nc5 14.Rad1 a4 15.f4 Qa5 16.Bf2
Nfd7 17.e5 dxe5 18.Nxc6 bxc6 19.Bxc6 Rb8 20.Nxa4 Nxa4 21.Bxa4 Qc7 22.a3 Re7
23.b4 Nb6 24.Bxb6 Qxb6+ 25.c5 Qc7 26.g4 exf4 27.Qd3 Rxe1+ 28.Rxe1 Be6 29.Bb3
Rd8 30.Qf3 Bd4+ 31.Kg2 Bc8 32.c6 Ba6 33.a4 Be3 34.b5 Bc8 35.a5 Rd2+ 36.Kh1
Qxa5 37.Rb1 Kg7 38.Bc4 Qb6 39.Qe4 Qc7 40.Qf3 Rf2 41.b6 Bxb6 {#R} 0-1

[Event "Cup Pivdenny Bank (active)"]
[Site "masterchessopen.com Odessa (Ukraine)"]
[Round "8"]
[White "Drozdovskij Yuri (UKR)"]
[Black "Golubev Mikhail (UKR)"]
[Result "1-0"]
[WhiteElo "2587"]
[BlackElo "2484"]

{ Drozdovskij Yuri (UKR) +5 =2 -1 Golubev Mikhail (UKR) +6 =5 -5 Drozdovskij
Yuri (UKR)-Golubev Mikhail (UKR) +1 =1 -0 } 1.d4 Nf6 2.Nf3 g6 3.c4 Bg7 4.g3
O-O 5.Bg2 d6 6.O-O Nbd7 7.Nc3 e5 8.e4 c6 9.Be3 Ng4 10.Bg5 Qb6 ( 10...f6 11.Bc1
Nh6 12.Qc2 Nf7 13.Rd1 Re8 14.b4 Qc7 15.Be3 Bh6 16.Bxh6 Nxh6 17.Rd2 Nf7 18.Rad1
Nf8 19.c5 dxc5 20.bxc5 Qa5 21.Ne2 Bg4 22.h3 Bxf3 23.Bxf3 Ne6 24.Rc1 exd4
25.Nxd4 Rad8 26.Nb3 Rxd2 27.Qxd2 Qxd2 28.Nxd2 Nd4 29.Bd1 Ng5 30.Kg2 {
...1/2-1/2, Bocharov Dmitry 2574 - Ungureanu Emil 2253 , Cappelle la Grande
2003 It (open) } ) 11.h3 exd4 ( 11...f6 { +0.07 CAP } ) 12.Na4 Qa6 13.hxg4 b5
14.Be7 ( 14.c5 bxa4 15.cxd6 c5 16.Be7 Re8 17.Qc1 Bb7 18.Qf4 Rxe7 19.dxe7 Re8
20.Rac1 Rxe7 21.Nd2 Bc6 22.Rfe1 Be5 23.Qh6 d3 24.Nc4 Bd4 25.e5 Bxg2 26.Kxg2
Bxb2 27.Nxb2 Qb7+ 28.Kg1 Qxb2 29.Rb1 Qc3 30.e6 fxe6 31.Qe3 Qa3 32.Rb7 e5
33.Qe4 Qc3 { ...1-0, Avrukh Boris 2653 - Kotronias Vasilios 2626 , Caleta 27.
1.2005 It (open) "Gibraltar Masters" } ) 14...Re8 ( 14...bxa4 15.Bxd6 c5
16.Bxf8 Nxf8 17.Nd2 Be6 18.b3 d3 19.e5 Rd8 20.f4 Qc8 21.g5 h6 22.gxh6 Bxh6
23.Ne4 Bg7 24.Qd2 Bg4 25.Bf3 Qf5 26.Rae1 Bxf3 27.Rxf3 Bxe5 28.Rxd3 Bd4+ 29.Kg2
Ne6 30.Ng5 Nxg5 31.fxg5 Kg7 32.Rf3 Qd7 33.Ref1 Rf8 34.b4 { ...1-0, Jankovec
Ivan 2191 - Liebert Heinz 2420 , Havirov 1971 } ) 15.Bxd6 bxa4 { = } 16.e5 (
16.c5 Qa5 17.Nxd4 Nxc5 18.Nxc6 Qb6 19.e5 Bb7 20.Rc1 Bxc6 21.Bxc6 Qxc6 22.Rxc5
Qb6 23.Qxa4 Qxb2 24.Re1 Qd2 25.Re3 Bf8 26.Bxf8 Rxf8 27.Qc2 Qd4 28.Rc4 Qa1+
29.Kg2 Rab8 30.Re2 Rb1 31.g5 Rg1+ 32.Kf3 Qf1 33.Rc8 Qh3 34.Rxf8+ Kxf8 35.e6
fxe6 { ...1-0, Degerman Lars 2492 - Jonsson Mikael 2322 , Haparanda 1994 Ch
Sweden } ) ( 16.Re1 c5 17.e5 Bb7 18.b4 Rac8 19.Rb1 cxb4 20.Rxb4 Bxf3 21.Bxf3
Bxe5 22.Bxe5 Nxe5 23.Bd5 a3 24.Kg2 d3 25.Rb7 Rcd8 26.Rxe5 Rxe5 27.Qf3 Qxb7
28.Bxb7 d2 29.Bd5 Rdxd5 { 0-1, Shaboian Vladimir 2340 - Movsziszian Karen 2527
, Yerevan 1984 Ch Armenia } ) 16...Bb7 ( 16...c5 17.b4 cxb4 18.Qxd4 Bb7
19.Rae1 Rac8 20.c5 Qb5 21.Qf4 Bxf3 22.Bxf3 Nxc5 23.Be2 Qb6 24.Rc1 Ne6 25.Qxb4
Nd4 26.Bc4 Bxe5 27.Qxb6 axb6 28.Bxe5 Nf3+ 29.Kg2 Nxe5 30.Bb5 Rxc1 31.Rxc1 Rd8
32.Bxa4 Rd2 33.g5 Rxa2 34.Rc8+ Kg7 35.Bb3 Rb2 36.Rc3 { ...0-1, Jussupow Artur
2640 - Kasparov Garry 2790 , Linares 1992 It } ) ( 16...Qxc4 17.Rc1 Qxa2
18.Nxd4 Ba6 19.Re1 { 1/2-1/2, Jankovec Ivan 2191 - Jansa Vlastimil 2486 ,
Havirov 1970 Ch Czechoslovakia } ) 17.Qxd4 { +0.44 CAP N } ( 17.c5 Nxe5
18.Nxe5 Bxe5 19.Bxe5 Rxe5 20.Qxd4 Rae8 21.Rac1 Qa5 22.Rfd1 Qc7 23.Qxa4 Qe7
24.Bxc6 Bxc6 25.Qxc6 Re2 26.Qf3 Rxb2 27.c6 Rbb8 28.Rd7 Qe6 29.Rxa7 Rbc8 30.Kg2
Re7 31.Rxe7 Qxe7 32.Qf4 Qa3 33.Qc4 Rc7 34.Rc3 Qa8 35.g5 Qa5 36.f4 Qb6 {
...1-0, Jankovec Ivan 2191 - Vrabec Milos, Havirov 10.1971 Ch Czechoslovakia
(1/2 final) (A) } ) 17...c5 18.Qf4 h6 19.Rfe1 g5 20.Qf5 Re6 21.Re3 Rae8
22.Rae1 Qxc4 { ? } ( 22...Bc8 23.Qc2 Bb7 24.Rd1 Bxf3 25.Bxf3 Bxe5 26.Bxe5 Nxe5
27.Bd5 R6e7 28.f3 Kg7 29.Kg2 { } ) 23.Bf1 { ? } ( 23.Nxg5 hxg5 24.Bxb7 Qxa2
25.Bc6 Nf8 26.Bxe8 Rxe8 27.Rf3 Qd5 28.Kg2 c4 { } ) 23...Qd5 24.Bd3 Rxd6
25.exd6 Rxe3 26.Rxe3 Qxd6 27.Re8+ { } {#r} 1-0

[Event "Memorial R.Nezhmetdinov (open)"]
[Site "masterchessopen.com Kazan (Russia)"]
[Date "2008.06.06"]
[Round "6"]
[White "Ponfilenok Vladimir (RUS)"]
[Black "Voitsekhovsky Stanislav (RUS)"]
[Result "0-1"]
[WhiteElo "2440"]
[BlackElo "2523"]

1.d4 Nf6 2.Nf3 g6 3.g3 Bg7 4.Bg2 O-O 5.O-O d6 6.c4 Nbd7 7.Nc3 e5 8.e4 c6 9.Be3
Qa5 10.d5 Qb4 11.dxc6 bxc6 12.a3 Qxb2 13.Qd3 Qb8 14.Rfd1 Ne8 15.Qc2 Qc7
16.Rab1 Bf6 17.Na4 c5 18.Nc3 Nb6 19.Nb5 Qc6 20.Bh6 Bg7 21.Bxg7 Kxg7 22.Qd3 Be6
23.Nxd6 Qxd6 24.Qxd6 Nxd6 25.Rxd6 Nxc4 26.Ra6 Rfb8 27.Rxb8 Rxb8 28.Bf1 Bg4
29.Kg2 Bxf3+ 30.Kxf3 Nd2+ 31.Kg2 Rc8 32.Bd3 c4 33.Bc2 Nb3 34.Rxa7 Nd4 35.Bd1
Rc5 36.a4 c3 37.a5 c2 38.Bxc2 Rxc2 39.a6 Ra2 40.Ra8 Ne6 41.a7 Nc5 {#R} 0-1

[Event "It (open) \"]
[Site "masterchessopen.com Koszalin (Poland)"]
[Date "2008.06.12"]
[Round "6"]
[White "Staniszewski Piotr (POL)"]
[Black "Mickiewicz Piotr (POL)"]
[Result "0-1"]
[WhiteElo "2384"]
[BlackElo "2262"]

1.d4 Nf6 2.Nf3 g6 3.g3 Bg7 4.Bg2 O-O 5.O-O d6 6.c4 Nbd7 7.Nc3 e5 8.e4 c6 9.Rb1
a5 10.h3 a4 11.Qc2 exd4 12.Nxd4 Nc5 13.Rd1 Nfd7 14.b4 axb3 15.axb3 Re8 16.b4
Ne6 17.Nxe6 Rxe6 18.Ne2 Qc7 19.Bb2 Bxb2 20.Qxb2 Re8 21.Nd4 Ne5 22.Qc3 Qe7
23.Ra1 Rxa1 24.Rxa1 h5 25.h4 Bg4 26.f4 Nd7 27.Ra7 c5 28.Nb3 f5 29.exf5 cxb4
30.Qxb4 {#R} 0-1

[Event "Ch Slovakia (open)"]
[Site "masterchessopen.com Zvolen (Slovakia)"]
[Date "2008.07.08"]
[Round "3"]
[White "Lipka Juraj (SVK)"]
[Black "Jacko Vladimir (SVK)"]
[Result "1-0"]
[WhiteElo "2426"]
[BlackElo "2153"]

1.Nf3 Nf6 2.c4 g6 3.g3 Bg7 4.Bg2 O-O 5.d4 d6 6.O-O Nbd7 7.Nc3 e5 8.e4 c6 9.b3
exd4 10.Nxd4 Nc5 11.h3 a5 12.Bf4 Nh5 13.Be3 Qe7 14.Re1 Be6 15.Qc2 Rfd8 16.Rad1
Nf6 17.f4 h5 18.Nxe6 Nxe6 19.Bb6 Rd7 20.Bf2 Qd8 21.Na4 Ra6 22.f5 Nf8 23.e5 Ne8
24.exd6 Rxd6 25.fxg6 fxg6 26.Nc5 Ra7 27.Rxd6 Nxd6 28.Ne6 Nxe6 29.Rxe6 Ra8
30.Qxg6 Ne8 31.Qxh5 Qd7 32.Qe2 Nf6 33.Re7 Qd6 34.c5 Qd8 35.Rxb7 Nd5 36.Qe6+
Kh8 37.Qxc6 Nc3 38.Qd7 {#r} 1-0

[Event "It (open) \"]
[Site "masterchessopen.com Berdsk (Russia)"]
[Date "2008.07.11"]
[Round "4"]
[White "Zenzera Alexey (RUS)"]
[Black "Gerasimov Nikolay P (RUS)"]
[Result "0-1"]
[WhiteElo "2047"]
[BlackElo "2122"]

1.c4 Nf6 2.d4 g6 3.Nc3 Bg7 4.e4 d6 5.g3 Nbd7 6.Bg2 e5 7.Nf3 O-O 8.O-O c6 9.Re1
Re8 10.Rb1 a5 11.b3 exd4 12.Nxd4 Nc5 13.f3 Nfd7 14.Be3 Ne5 15.Bf1 Ne6 16.Be2
f5 17.Qd2 fxe4 18.fxe4 Nxd4 19.Bxd4 Bh3 20.Rbd1 Rf8 21.Nb1 Qe7 22.Be3 Rad8
23.Qxa5 Ng4 24.Bxg4 Bxg4 25.Qg5 Qe6 26.Rc1 h6 27.Qa5 Qxe4 28.Nd2 Qd3 29.Qb6
Rde8 30.Nf1 Bh3 31.Rcd1 Qe4 32.Re2 Bg4 33.Rde1 Bxe2 34.Rxe2 c5 35.Qxd6 Bd4
36.Bxd4 Rxf1+ 37.Kxf1 Qxe2+ 38.Kg1 Qe1+ 39.Kg2 Qe4+ 40.Kh3 cxd4 {#R} 0-1

[Event "It (cat.8)"]
[Site "masterchessopen.com Budapest (Hungary)"]
[Date "2008.07.15"]
[Round "11"]
[White "Ilincic Zlatko (SRB)"]
[Black "Toth Ervin (HUN)"]
[Result "1-0"]
[WhiteElo "2542"]
[BlackElo "2401"]

1.d4 Nf6 2.c4 g6 3.g3 Bg7 4.Bg2 O-O 5.Nc3 d6 6.Nf3 Nbd7 7.O-O e5 8.e4 c6 9.b3
exd4 10.Nxd4 Re8 11.h3 Nc5 12.Re1 a5 13.Rb1 Qb6 14.Be3 Qb4 15.Ncb5 cxb5
16.Nxb5 Nfxe4 17.a3 Qxe1+ 18.Qxe1 Bf5 19.g4 Bd7 20.Nc7 Nc3 21.Nxe8 Rxe8 22.b4
Nd3 23.Qf1 {#r} 1-0

[Event "It (open) \"]
[Site "masterchessopen.com Nuernberg (Germany)"]
[Date "2008.09.07"]
[Round "7"]
[White "Kopylov Mihail (UKR)"]
[Black "Promyshlyanskiy Vitaliy (UKR)"]
[Result "1-0"]
[WhiteElo "2457"]
[BlackElo "2260"]

1.d4 Nf6 2.Nf3 g6 3.c4 Bg7 4.Nc3 d6 5.g3 O-O 6.Bg2 Nbd7 7.O-O e5 8.e4 exd4
9.Nxd4 Nc5 10.h3 Re8 11.Re1 a5 12.Ndb5 Be6 13.b3 Nfd7 14.Be3 c6 15.Nd4 Qe7
16.Qc2 Rad8 17.Rad1 Nf6 18.f4 Qc7 19.Bf2 h5 20.Nf3 b6 21.a3 Re7 22.f5 Bc8
23.fxg6 fxg6 24.Nh4 g5 25.Nf5 Bxf5 26.exf5 g4 27.Rxe7 Qxe7 28.Bxc6 gxh3 29.Re1
Qf8 30.Nd5 Ncd7 31.Ne7+ Kh7 32.Ng6 Qg8 33.Bd5 Nxd5 34.f6 Kh6 35.fxg7 Qf7
36.cxd5 Qxg6 37.Re6 Nf6 38.Qxg6+ Kxg6 39.Bd4 {#r} 1-0

[Event "Memorial E.Geller (open)"]
[Site "masterchessopen.com Odessa (Ukraine)"]
[Date "2008.09.14"]
[Round "6"]
[White "Drozdovskij Yuri (UKR)"]
[Black "Golubev Mikhail (UKR)"]
[Result "1-0"]
[WhiteElo "2587"]
[BlackElo "2484"]

1.d4 Nf6 2.c4 g6 3.Nc3 Bg7 4.Nf3 O-O 5.g3 d6 6.Bg2 Nbd7 7.O-O e5 8.e4 c6 9.Be3
Ng4 10.Bg5 Qb6 11.h3 exd4 12.Na4 Qa6 13.hxg4 b5 14.Be7 Re8 15.Bxd6 bxa4 16.c5
a3 17.bxa3 d3 18.e5 Nxe5 19.Nxe5 Bxe5 20.Re1 Bxg4 21.Qxg4 Bxa1 22.Rxa1 d2
23.Rd1 Re1+ 24.Kh2 Qd3 25.Bxc6 Rxd1 26.Qxd1 Rd8 27.Kg2 h5 28.Bf3 Qc3 29.Qa4
Qc1 30.Qd4 Rc8 31.Be7 Rb8 32.Bf6 Kh7 33.Qd7 Qc4 34.Bd5 Qf1+ 35.Kxf1 d1=Q+
36.Kg2 Rf8 37.c6 {#r} 1-0

[Event "Tournament (juniors) (under 18)"]
[Site "masterchessopen.com Pila (Poland)"]
[Date "2008.09.25"]
[Round "9"]
[White "Scibior Adam (POL)"]
[Black "Szatan Rafal (POL)"]
[Result "1-0"]
[WhiteElo "2226"]
[BlackElo "1899"]

1.Nf3 g6 2.c4 Bg7 3.d4 Nf6 4.g3 O-O 5.Bg2 d6 6.O-O Nbd7 7.Nc3 e5 8.e4 c6 9.Re1
Qc7 10.h3 a5 11.Be3 Re8 12.Rb1 Rb8 13.Rc1 Nf8 14.a3 Qe7 15.dxe5 dxe5 16.Nxe5
Nxe4 17.Nxe4 Bxe5 18.Bg5 Qd7 19.Qc2 Qd4 20.Rcd1 Qxb2 21.Qxb2 Bxb2 22.Bf4 Be6
23.Rb1 Bxa3 24.Nf6+ Kg7 25.Be5 Bb4 26.Nxe8+ Kg8 27.Nf6+ {#r} 1-0

[Event "Memorial M.Chigorin (open)"]
[Site "masterchessopen.com St. Petersburg (Russia)"]
[Date "2008.10.05"]
[Round "2"]
[White "Demina Julia (RUS)"]
[Black "Demchenko Anton (RUS)"]
[Result "0-1"]
[WhiteElo "2357"]
[BlackElo "2511"]

1.d4 Nf6 2.Nf3 g6 3.g3 Bg7 4.Bg2 O-O 5.c4 d6 6.O-O Nbd7 7.Nc3 e5 8.e4 exd4
9.Nxd4 Nc5 10.h3 Re8 11.Re1 a5 12.Ndb5 Bd7 13.Bg5 h6 14.Bf4 g5 15.Bc1 a4
16.Nd4 c6 17.Rb1 Qa5 18.Re3 Qb6 19.Nf5 Bxf5 20.exf5 Nfd7 21.Ne2 Ne5 22.Qc2 Na6
23.Qxa4 Qc5 24.Qd1 Nxc4 25.Rxe8+ Rxe8 26.b3 Qxf5 27.Be3 Nxe3 28.fxe3 Rxe3
29.Rc1 Qe5 30.Kf2 Nc5 31.Rc2 Rd3 32.Qc1 Rxg3 {#R} 0-1

[Event "World Mindsports Games (Blitz Team)"]
[Site "masterchessopen.com Beijing (China)"]
[Date "2008.10.13"]
[Round "11"]
[White "Danielsen Henrik (ISL)"]
[Black "Ahmed Abdul Sattar (IRQ)"]
[Result "1-0"]
[WhiteElo "2492"]
[BlackElo "2246"]

1.g3 Nf6 2.Bg2 d6 3.d4 g6 4.c4 Bg7 5.Nc3 O-O 6.Nf3 Nbd7 7.O-O e5 8.e4 c6 9.b3
Re8 10.Re1 exd4 11.Nxd4 Ng4 12.Nde2 Qb6 13.Rf1 Nc5 14.h3 Ne5 15.Be3 Qc7 16.f4
Ned3 17.Qd2 a5 18.Kh2 f5 19.exf5 Bxf5 20.g4 Be6 21.Nd4 Bf7 22.Na4 Nb4 23.Rac1
Rad8 24.Bg1 Ncd3 25.Rcd1 d5 26.cxd5 Bxd5 27.Kh1 Bxg2+ 28.Qxg2 Nxf4 29.Qg3 Nfd5
30.Qxc7 Nxc7 31.Nf3 Nxa2 32.Nc5 b6 33.Nb7 Rxd1 34.Rxd1 Nc3 35.Rd6 Re6 36.Rd8+
Bf8 37.Ng5 Rd6 38.Nxd6 Kg7 39.Rd7+ Kf6 40.Nxh7+ Ke6 41.Nxf8+ Kd5 42.Nb5+ {#r}
1-0

[Event "World Mindsports Games (Blitz Team)"]
[Site "masterchessopen.com Beijing (China)"]
[Date "2008.10.13"]
[Round "5"]
[White "Waqar Mohamed (PAK)"]
[Black "Ahmed Abdul Sattar (IRQ)"]
[Result "0-1"]
[WhiteElo "2207"]
[BlackElo "2246"]

1.d4 Nf6 2.Nf3 g6 3.g3 Bg7 4.Bg2 O-O 5.O-O d6 6.c4 Nbd7 7.Nc3 e5 8.e4 c6 9.d5
Nc5 10.Qc2 a5 11.b3 cxd5 12.cxd5 Bd7 13.Bb2 Rc8 14.Qe2 Ne8 15.Rac1 f5 16.Rfe1
Bh6 17.Rcd1 Nf6 18.exf5 Bxf5 19.Nh4 Bg4 20.Bf3 Bd7 21.Bg2 Ng4 22.Nf3 b5 23.Ne4
Nxe4 24.Qxe4 Bf5 25.Qe2 Rc2 26.Qxb5 Rxb2 27.a4 Nxf2 28.Ra1 Nd3 29.Red1 Be3+
30.Kh1 Nf2+ 31.Kg1 Nxd1+ 32.Kh1 e4 33.Nh4 Nf2+ 34.Kg1 Bh3 {#R} 0-1

[Event "Czech League 2008/09 (1st) East"]
[Site "masterchessopen.com Czech Republic"]
[Date "2008.11.16"]
[Round "3"]
[White "Michalik Peter (SVK)"]
[Black "Kopec Ladislav (CZE)"]
[Result "1-0"]
[WhiteElo "2405"]
[BlackElo "2194"]

1.d4 Nf6 2.c4 g6 3.Nf3 Bg7 4.g3 d6 5.Bg2 O-O 6.O-O Nbd7 7.Nc3 e5 8.e4 c6 9.Re1
Re8 10.h3 a5 11.Be3 a4 12.d5 cxd5 13.cxd5 Rf8 14.Rc1 Qa5 15.Qe2 Ne8 16.Nb5 f5
17.exf5 gxf5 18.Ng5 Ndf6 19.Ne6 Rf7 20.Na3 f4 21.Nc4 Qa6 22.gxf4 exf4 23.Bxf4
Bd7 24.Qe3 Nh5 25.Bg5 Rc8 26.Nb6 Rxc1 27.Rxc1 Be5 28.Nxd7 Rxd7 29.Rc8 Kf7
30.Bf3 Nhf6 31.Bxf6 Nxf6 32.Qh6 {#r} 1-0

[Event "Czech League 2008/09 (2nd) (a)"]
[Site "masterchessopen.com Czech Republic"]
[Date "2008.12.07"]
[Round "4"]
[White "Petr Jan (CZE)"]
[Black "Tupy Martin (CZE)"]
[Result "0-1"]
[WhiteElo "2199"]
[BlackElo "2239"]

1.c4 g6 2.Nc3 Bg7 3.Nf3 d6 4.g3 e5 5.d4 Nd7 6.Bg2 Ngf6 7.O-O O-O 8.e4 c6
9.dxe5 dxe5 10.b4 a5 11.b5 Qe7 12.Qc2 Re8 13.Na4 h6 14.Re1 Nh7 15.Be3 Nhf8
16.Rad1 Ne6 17.Bh3 Bf8 18.Rd2 Qf6 19.Bxe6 Qxe6 20.Red1 Qg4 21.Nh4 Be7 22.f3
Qh3 23.Ng2 h5 24.Ne1 Bb4 25.Rg2 Nf8 26.Nb6 Rb8 27.bxc6 bxc6 28.Nxc8 Qxc8
29.Nd3 Qe6 30.g4 hxg4 31.Rxg4 Be7 32.Qc3 Red8 33.Rc1 Nd7 34.Rg2 a4 35.Bf2 Bf6
36.Qa3 Nb6 37.Qb4 Rxd3 38.Bxb6 c5 39.Rb1 cxb4 {#R} 0-1

[Event "Ch Region"]
[Site "masterchessopen.com Vladimir (Russia)"]
[Date "2008.12.19"]
[Round "9"]
[White "Kalinin Dmitry (RUS)"]
[Black "Lavrik Dmitry (RUS)"]
[Result "0-1"]
[WhiteElo "2119"]
[BlackElo "2406"]

1.d4 Nf6 2.Nf3 g6 3.g3 Bg7 4.Bg2 O-O 5.O-O d6 6.c4 Nbd7 7.Nc3 e5 8.e4 c6 9.d5
cxd5 10.cxd5 Nc5 11.Re1 a5 12.Bf1 Nfd7 13.Nb5 Qe7 14.Nd2 Nb6 15.b3 f5 16.Ba3
Nbd7 17.Nc4 Rf6 18.Bg2 fxe4 19.Bxe4 b6 20.Rc1 Nxe4 21.Rxe4 Nc5 22.Bxc5 bxc5
23.Nb6 Bf5 24.Ra4 Rb8 25.Rxa5 Rxb6 26.b4 cxb4 27.Rc7 Qd8 28.Raa7 Bf8 29.Nd4
Ra6 30.Nc6 Rxa7 31.Nxd8 Rxc7 32.Nc6 Rcf7 33.Nd8 Ra7 34.Qb3 Ra3 35.Qb2 Bh3
36.Nc6 Raf3 37.Nxb4 e4 {#R} 0-1

[Event "Extraliga 2008/09"]
[Site "masterchessopen.com Czech Republic"]
[Date "2009.01.10"]
[Round "5"]
[White "Kempinski Robert (POL)"]
[Black "Priborsky Jan (CZE)"]
[Result "1-0"]
[WhiteElo "2601"]
[BlackElo "2370"]

1.d4 Nf6 2.c4 g6 3.g3 Bg7 4.Bg2 O-O 5.Nf3 d6 6.O-O Nbd7 7.Nc3 e5 8.e4 exd4
9.Nxd4 Re8 10.h3 a5 11.Re1 Nc5 12.Ndb5 Be6 13.e5 dxe5 14.Qxd8 Raxd8 15.Nxc7
Re7 16.Nxe6 Rxe6 17.Be3 Nd3 18.Re2 Rb8 19.Rd1 Nb4 20.a3 Na6 21.Red2 b6 22.Na4
e4 23.Rd8+ Ne8 24.R1d2 Rxd8 25.Rxd8 Kf8 26.Ra8 Nc7 27.Rb8 Ke7 28.Bxb6 f5
29.Bxa5 e3 30.Bb4+ Kf7 31.Rb7 exf2+ 32.Kf1 Kg8 33.Bc3 {#r} 1-0

[Event "It (open)"]
[Site "masterchessopen.com Prague (Czech Republic)"]
[Date "2009.01.12"]
[Round "4"]
[White "Johansson Anders (SWE)"]
[Black "Kubikova Hana (CZE)"]
[Result "1-0"]
[WhiteElo "2047"]
[BlackElo "2168"]

1.Nf3 Nf6 2.c4 d6 3.d4 g6 4.g3 Bg7 5.Bg2 O-O 6.O-O Nbd7 7.Nc3 e5 8.e4 Re8 9.h3
exd4 10.Nxd4 Nc5 11.Re1 a5 12.Ndb5 Ne6 13.Be3 Bf8 14.Qc2 c6 15.Nd4 Bg7 16.Rad1
Qe7 17.f4 Nxd4 18.Bxd4 Be6 19.b3 Nh5 20.Bf2 Qc7 21.Ne2 f5 22.Nd4 fxe4 23.Nxe6
Rxe6 24.Rxe4 Rae8 25.Rde1 Qf7 26.Bf3 Nf6 27.Rxe6 Rxe6 28.Kg2 d5 29.cxd5 Rxe1
30.dxc6 Re8 31.cxb7 Bf8 32.Qc6 Rd8 33.Qb6 Rb8 34.Qa6 Nd5 35.Qxa5 Nf6 36.Qa8
Bd6 37.a4 Kg7 38.a5 Qxb3 39.a6 Qb2 40.Qa7 Re8 41.b8=Q+ {#r} 1-0

[Event "Ch Greece (juniors) (under 16)"]
[Site "masterchessopen.com Kallithea (Greece)"]
[Date "2009.06.26"]
[Round "3"]
[White "Diktapanidis Efstathios (GRE)"]
[Black "Dimopoulos Dimitrios (GRE)"]
[Result "0-1"]
[WhiteElo "1738"]
[BlackElo "1906"]

1.Nf3 Nf6 2.c4 g6 3.g3 Bg7 4.Bg2 O-O 5.O-O d6 6.d4 Nbd7 7.Nc3 e5 8.e4 c6
9.dxe5 dxe5 10.Qc2 Qc7 11.b3 Re8 12.Ba3 Bf8 13.Bb2 Bc5 14.Na4 Bf8 15.Rad1 b6
16.a3 a6 17.Nc3 a5 18.Nh4 Nc5 19.f4 Ne6 20.f5 Nd4 21.Rxd4 exd4 22.fxg6 fxg6
23.Nb5 cxb5 24.Bxd4 Bc5 25.Qb2 Qe5 26.Nf3 Bxd4+ 27.Qxd4 Qxd4+ 28.Nxd4 Ng4
29.e5 Ra7 30.Bd5+ Kg7 31.Nxb5 Rae7 32.Nd6 Rd8 33.Re1 Rxd6 {#R} 0-1

[Event "It (open)"]
[Site "masterchessopen.com Val Thorens (France)"]
[Round "2"]
[White "Horvath Csaba (HUN)"]
[Black "Marcantoni Herve (FRA)"]
[Result "1-0"]
[WhiteElo "2522"]
[BlackElo "2212"]

1.d4 Nf6 2.c4 d6 3.Nf3 g6 4.g3 Bg7 5.Bg2 O-O 6.Nc3 Nbd7 7.O-O e5 8.e4 c6 9.b3
exd4 10.Nxd4 Re8 11.h3 Nc5 12.Re1 a5 13.Bf4 Nh5 14.Be3 Nf6 15.Qc2 h5 16.Rad1
Qc7 17.Ndb5 cxb5 18.Nxb5 Qe7 19.Nxd6 Ne6 20.e5 Nh7 21.Nxe8 Qxe8 22.f4 Bf8
23.f5 gxf5 24.Qxf5 Neg5 25.Qf1 a4 26.e6 Nxe6 27.Bd4 Qe7 28.Bc3 Qg5 29.b4 Qxg3
30.Rd3 Qc7 31.Bd5 h4 32.Bxe6 fxe6 33.Qg2+ Bg7 34.Rd8+ Nf8 35.Bxg7 Qxg7 36.Rf1
{#r} 1-0

[Event "It (cat.6)"]
[Site "masterchessopen.com Moscow (Russia)"]
[Date "2009.07.20"]
[Round "7"]
[White "Kalinichev Andrey (EST)"]
[Black "Kurumanov Petr A (RUS)"]
[Result "1-0"]
[WhiteElo "2405"]
[BlackElo "2249"]

1.g3 g6 2.Bg2 Bg7 3.d4 Nf6 4.c4 O-O 5.Nf3 d6 6.O-O Nbd7 7.Nc3 e5 8.e4 c6 9.Be3
Ng4 10.Bg5 Qb6 11.h3 exd4 12.Na4 Qa6 13.hxg4 b5 14.Be7 Re8 15.Bxd6 bxa4 16.c5
a3 17.bxa3 d3 18.e5 Nxe5 19.Nxe5 Bxe5 20.Re1 Bxg4 21.Qxg4 Bxa1 22.Rxa1 d2
23.Rd1 Re1+ 24.Kh2 h5 25.Qf3 Qa5 26.Qxc6 Rxd1 27.Qxa8+ Kh7 28.Be5 f6 29.Bxf6
g5 30.Qh8+ Kg6 31.Qg7+ Kf5 32.Qxg5+ Ke6 33.Qe5+ Kd7 34.Qd6+ Kc8 35.Qc6+ Qc7
36.Qe8+ {#r} 1-0

[Event "Zt"]
[Site "masterchessopen.com Ho Chi Minh City (Vietnam)"]
[Date "2009.07.23"]
[Round "1"]
[White "Pham Chuong (VIE)"]
[Black "Wiwatanadate Poompong (THA)"]
[Result "1-0"]
[WhiteElo "2364"]
[BlackElo "1979"]

1.d4 Nf6 2.Nf3 g6 3.c4 Bg7 4.g3 O-O 5.Bg2 d6 6.Nc3 Nbd7 7.O-O e5 8.e4 c6 9.Rb1
a5 10.Re1 Re8 11.h3 exd4 12.Nxd4 Nc5 13.Bf4 Nh5 14.Be3 Ne6 15.Qd2 Nf6 16.Rbd1
Nc5 17.Nxc6 Qc7 18.e5 dxe5 19.Nb5 Qd7 20.Qe2 {#r} 1-0

[Event "It \"]
[Site "masterchessopen.com Konya (Turkey)"]
[Date "2009.12.01"]
[Round "2"]
[White "Cmilyte Viktorija (LTU)"]
[Black "Menzi N"]
[Result "1-0"]
[WhiteElo "2470"]
[BlackElo "1847"]

1.d4 Nf6 2.c4 g6 3.Nf3 Bg7 4.g3 O-O 5.Bg2 d6 6.O-O Nbd7 7.Nc3 e5 8.e4 c6 9.b3
exd4 10.Nxd4 a6 11.Nde2 Nc5 12.Bf4 Re8 13.f3 d5 14.cxd5 cxd5 15.e5 Nfd7
16.Qxd5 Qb6 17.Kh1 Nxe5 18.Be3 Ned7 19.Bg1 Qe6 20.Qd2 a5 21.Rae1 Qf5 22.Nd4
Rxe1 23.Nxf5 Rxf1 24.Ne7+ Kf8 25.Bxf1 Kxe7 26.Nd5+ Kf8 27.Nb6 Rb8 28.Qd1 {#r}
1-0

[Event "It (open) (b)"]
[Site "masterchessopen.com Prague (Czech Republic)"]
[Date "2010.01.08"]
[Round "1"]
[White "Maly Petr (CZE)"]
[Black "Jaeger Andre (GER)"]
[Result "0-1"]
[WhiteElo "1697"]
[BlackElo "2032"]

1.Nf3 Nf6 2.c4 g6 3.Nc3 Bg7 4.d4 d6 5.g3 O-O 6.Bg2 Nbd7 7.O-O e5 8.e4 c6 9.Bg5
h6 10.Bxf6 Qxf6 11.dxe5 dxe5 12.b3 Nc5 13.Qc2 Bg4 14.Ne1 Ne6 15.f3 Nd4 16.Qf2
Be6 17.Nd3 Qe7 18.Rad1 Rad8 19.Rfe1 Rd7 20.Na4 b6 21.Nc3 Rfd8 22.Bf1 Qd6
23.Kg2 Qc7 24.c5 Bf8 25.b4 f6 26.a3 bxc5 27.Nxc5 Bxc5 28.bxc5 Qa5 29.Rc1 Qxa3
30.Nb1 Qa5 31.Bc4 Bxc4 32.Rxc4 Kg7 33.Kh3 Nxf3 34.Rf1 Ng5+ 35.Kh4 Rf8 36.Qe3
Qd8 37.Re1 Rd3 {#R} 0-1

[Event "It (open) (b)"]
[Site "masterchessopen.com Prague (Czech Republic)"]
[Date "2010.01.10"]
[Round "3"]
[White "Macek Kamil (CZE)"]
[Black "Jaeger Andre (GER)"]
[Result "1-0"]
[WhiteElo "1961"]
[BlackElo "2032"]

1.Nf3 Nf6 2.c4 g6 3.Nc3 Bg7 4.d4 O-O 5.g3 d6 6.Bg2 Nbd7 7.O-O e5 8.e4 c6 9.Be3
h6 10.h3 a6 11.Qc2 Qe7 12.Rad1 Rb8 13.dxe5 dxe5 14.Rd2 Qb4 15.Ne2 Re8 16.Rfd1
Bf8 17.a3 Qa5 18.Qc3 Qc7 19.Qc2 Nc5 20.Nc3 Be6 21.b4 Ncd7 22.c5 a5 23.Na4 axb4
24.axb4 Ra8 25.Bf1 Nxe4 26.Rxd7 Bxd7 27.Nb6 Nf6 28.Nxa8 Rxa8 29.Bc4 Bf5 30.Qd2
Bxh3 31.Bxh6 Bg4 32.Bxf8 Rxf8 33.Qh6 Bh5 34.Rd6 Qe7 35.Ng5 e4 36.Rxf6 {#r} 1-0

[Event "It (open)"]
[Site "masterchessopen.com Villa Ballester (Argentina)"]
[Date "2010.01.24"]
[Round "4"]
[White "Scarella Enrique (ARG)"]
[Black "Martinez Ayesa Aitor (ESP)"]
[Result "1-0"]
[WhiteElo "2380"]
[BlackElo "1845"]

1.d4 Nf6 2.Nf3 g6 3.c4 Bg7 4.g3 O-O 5.Bg2 d6 6.O-O Nbd7 7.Nc3 e5 8.e4 c6 9.Qc2
exd4 10.Nxd4 Re8 11.Rd1 Qb6 12.h3 a5 13.Be3 Qc7 14.Rd2 Nc5 15.Re1 Nfd7 16.b3
a4 17.b4 Na6 18.Qxa4 Nb6 19.Qb3 Nxb4 20.Qxb4 c5 21.Ncb5 Qe7 22.Qb3 cxd4
23.Bxd4 Bxd4 24.Rxd4 Rd8 25.Red1 Be6 26.Nxd6 Rxd6 27.Rxd6 Nxc4 28.R6d4 Ne5
29.Qb5 Qf6 30.f4 Nc6 31.Qxb7 Rxa2 32.e5 Qf5 33.Qxc6 {#r} 1-0